Analýza vzájomného vzťahu typu dysfágie a aspirácie a pneumónie
Analýza súboru 113 pacientov s neurologickými ochoreniami v priebehu mesiacov február až september 2009. Premenné nominálneho typu. Absolútne triedenie početnosti a celkové percentuálne triedenie početnosti.
Salvato in:
| Autore principale: | |
|---|---|
| Altri autori: | , , |
| Natura: | Capitolo di libro |
| Lingua: | slovacco |
| Soggetti: | |
| Tags: |
Nessun Tag, puoi essere il primo ad aggiungerne!!
|
MARC
| LEADER | 00000naa$a2200000$$$4500 | ||
|---|---|---|---|
| 001 | 0108786 | ||
| 005 | 20220715093548.3 | ||
| 041 | 0 | |a slo | |
| 044 | |a SK | ||
| 245 | 1 | 0 | |a Analýza vzájomného vzťahu typu dysfágie a aspirácie a pneumónie |c Jozef Chajdiak, Barbora Bunová, Ján Lietava, Daniel Bartko |
| 520 | |a Analýza súboru 113 pacientov s neurologickými ochoreniami v priebehu mesiacov február až september 2009. Premenné nominálneho typu. Absolútne triedenie početnosti a celkové percentuálne triedenie početnosti. | ||
| 610 | 2 | 0 | |a lekárstvo |
| 610 | 2 | 0 | |a triedenie štatistické |
| 610 | 2 | 0 | |a tabuľky štatistické |
| 610 | 2 | 0 | |a analýza štatistická |
| 610 | 2 | 0 | |a štatistika |
| 100 | 1 | |a Chajdiak, Jozef | |
| 700 | 1 | |a Bunová, Barbora | |
| 700 | 1 | |a Lietava, Ján | |
| 700 | 1 | |a Bartko, Daniel | |